[Event "Samara Polugaevsky Memorial 4th"]
[Site "Samara"]
[Date "2014.07.10"]
[Round "9"]
[White "Kalugin, Yury"]
[Black "Zelenov, Aleksey"]
[Result "1/2-1/2"]
[WhiteElo "1878"]
[BlackElo "1738"]
[PlyCount "81"]
[EventDate "2014.07.02"]
[EventType "swiss"]
[EventRounds "9"]
[EventCountry "RUS"]
[SourceTitle "CBM 161 Extra"]
[Source "ChessBase"]
[SourceDate "2014.08.29"]
[SourceVersion "1"]
[SourceVersionDate "2014.08.29"]
[SourceQuality "1"]

1. e4 d6 2. d4 Nf6 3. Nc3 e5 4. dxe5 dxe5 5. Qxd8+ Kxd8 6. Bg5 Be6 7. 0-0-0+ Nbd7 8. f4 exf4 9. e5 h6 10. Bxf4 Ng4 11. Ne4 Bf5 12. h3 Bxe4 13. hxg4 Bc5 14. g5 h5 15. Nf3 Ke7 16. c3 Bxf3 17. gxf3 Nf8 18. Rd5 Ne6 19. Bd2 c6 20. Rd3 Rad8 21. f4 Rxd3 22. Bxd3 Rd8 23. Kc2 g6 24. f5 gxf5 25. Bxf5 Rh8 26. Rh2 Bb6 27. g6 fxg6 28. Bxg6 Bc7 29. Rxh5 Rxh5 30. Bxh5 Bxe5 31. Be3 a6 32. Bg4 Kd6 33. Kd3 Nc5+ 34. Bxc5+ Kxc5 35. Bc8 Kb6 36. Kc4 Kc7 37. Bf5 Bf6 38. b4 Be5 39. a4 Bf6 40. Bg4 Be5 41. Bf5 1/2-1/2

[Event "Sterlitamak Rochinskiy op"]
[Site "Sterlitamak"]
[Date "2012.06.29"]
[Round "8"]
[White "Kalugin, Yury"]
[Black "Fedorov, Vladimir N"]
[Result "1-0"]
[WhiteElo "1927"]
[BlackElo "1926"]
[PlyCount "37"]
[EventDate "2012.06.22"]
[EventType "swiss"]
[EventRounds "9"]
[EventCountry "RUS"]
[SourceTitle "EXT 2013"]
[Source "ChessBase"]
[SourceDate "2012.11.22"]
[SourceVersion "1"]
[SourceVersionDate "2012.11.22"]
[SourceQuality "1"]

1. e4 c5 2. Nf3 Nc6 3. d4 cxd4 4. Nxd4 Nf6 5. Nc3 d6 6. Bc4 g6 7. Nxc6 bxc6 8. e5 Ng8 9. Qf3 d5 10. Nxd5 e6 11. Nc3 Bb7 12. 0-0 Bg7 13. Bf4 Ne7 14. Ne4 Kf8 15. Nc5 Qc7 16. Bxe6 Nd5 17. Bxd5 cxd5 18. e6 Qxc5 19. Bd6+ 1-0

[Event "Uljanovsk Privolje op"]
[Site "Uljanovsk"]
[Date "2012.02.03"]
[Round "6"]
[White "Beldyugin, Alexey"]
[Black "Kalugin, Yury"]
[Result "1-0"]
[WhiteElo "2050"]
[BlackElo "1927"]
[PlyCount "43"]
[EventDate "2012.01.31"]
[EventType "swiss"]
[EventRounds "9"]
[EventCountry "RUS"]
[SourceTitle "EXT 2013"]
[Source "ChessBase"]
[SourceDate "2012.11.22"]
[SourceVersion "1"]
[SourceVersionDate "2012.11.22"]
[SourceQuality "1"]

1. b3 e5 2. e3 d5 3. Bb2 Bd6 4. f4 f6 5. fxe5 Be7 6. Nf3 Bg4 7. Be2 Nc6 8. exf6 Nxf6 9. 0-0 0-0 10. Ne5 Be6 11. Nxc6 bxc6 12. Qe1 Bd6 13. Qh4 Nd7 14. Qxd8 Raxd8 15. Na3 Ne5 16. Rxf8+ Rxf8 17. Rf1 Rxf1+ 18. Kxf1 Kf7 19. h3 Ke7 20. c4 g6 21. c5 Bxc5 22. d4 1-0

[Event "Uljanovsk Privolje op"]
[Site "Uljanovsk"]
[Date "2012.02.02"]
[Round "4"]
[White "Kalinkin, Nikolay"]
[Black "Kalugin, Yury"]
[Result "0-1"]
[WhiteElo "1706"]
[BlackElo "1927"]
[PlyCount "58"]
[EventDate "2012.01.31"]
[EventType "swiss"]
[EventRounds "9"]
[EventCountry "RUS"]
[SourceTitle "EXT 2013"]
[Source "ChessBase"]
[SourceDate "2012.11.22"]
[SourceVersion "1"]
[SourceVersionDate "2012.11.22"]
[SourceQuality "1"]

1. d4 Nf6 2. c4 e5 3. dxe5 Ne4 4. Nf3 d6 5. exd6 Bxd6 6. a3 Nxf2 7. Kxf2 Bg3+ 8. hxg3 Qxd1 9. Nc3 Qc2 10. Rh4 Be6 11. Re4 Nc6 12. Kg1 0-0-0 13. c5 Rhe8 14. Ne1 Qb3 15. e3 Bd5 16. Rh4 h6 17. Bb5 Be4 18. Ba4 Qc4 19. Bb5 Qxc5 20. Be2 f5 21. Nxe4 Rxe4 22. Rh5 Rxe3 23. Kf1 Rxg3 24. Bf4 Rb3 25. Rc1 Qd4 26. Rxf5 g5 27. Bh2 Qg7 28. Bg4 Kb8 29. Bf3 Rf8 0-1

[Event "Uljanovsk Privolje op"]
[Site "Uljanovsk"]
[Date "2012.01.31"]
[Round "1"]
[White "Kalugin, Yury"]
[Black "Ulanov, Alexandr"]
[Result "0-1"]
[WhiteElo "1927"]
[BlackElo "2337"]
[PlyCount "88"]
[EventDate "2012.01.31"]
[EventType "swiss"]
[EventRounds "9"]
[EventCountry "RUS"]
[SourceTitle "EXT 2013"]
[Source "ChessBase"]
[SourceDate "2012.11.22"]
[SourceVersion "1"]
[SourceVersionDate "2012.11.22"]
[SourceQuality "1"]

1. e4 c6 2. Nf3 d5 3. Nc3 Bg4 4. h3 Bxf3 5. Qxf3 e6 6. d4 dxe4 7. Nxe4 Qxd4 8. Bd3 Nd7 9. Be3 Qb4+ 10. Bd2 Ne5 11. Qg3 Nxd3+ 12. cxd3 Qe7 13. Bf4 0-0-0 14. 0-0 Nf6 15. Be5 Nd5 16. Bd4 f5 17. Nc5 e5 18. Rfe1 Qf7 19. Qxe5 Bxc5 20. Bxc5 Rhe8 21. Qg3 b6 22. Ba3 Kb7 23. Rac1 h6 24. b3 g5 25. Qf3 Qd7 26. d4 Nf4 27. Re5 Rxe5 28. dxe5 Qd3 29. Re1 Qxf3 30. gxf3 Nxh3+ 31. Kh2 Nf4 32. e6 Re8 33. e7 c5 34. Re5 Kc6 35. Rxf5 Rxe7 36. Bc1 Nd5 37. Kg3 Re1 38. Bb2 Nf4 39. Be5 Rg1+ 40. Kh2 Rg2+ 41. Kh1 Rxf2 42. Bxf4 gxf4 43. Rxf4 Rxa2 44. Rf6+ Kd5 0-1

[Event "Samara op"]
[Site "Samara"]
[Date "2010.07.31"]
[Round "9"]
[White "Mamedov, Nazim"]
[Black "Kalugin, Yury"]
[Result "0-1"]
[WhiteElo "1623"]
[BlackElo "1975"]
[PlyCount "102"]
[EventDate "2010.07.23"]
[EventType "swiss"]
[EventRounds "9"]
[EventCountry "RUS"]
[SourceTitle "EXT 2011"]
[Source "ChessBase"]
[SourceDate "2010.11.26"]
[SourceVersion "1"]
[SourceVersionDate "2010.11.26"]
[SourceQuality "1"]

1. e4 e5 2. Nf3 Nc6 3. Bb5 a6 4. Ba4 d6 5. c3 Bg4 6. h3 Be6 7. d4 b5 8. d5 bxa4 9. Qxa4 Bd7 10. dxc6 Be6 11. Nbd2 Be7 12. Nb3 h6 13. Be3 Qb8 14. 0-0 Nf6 15. Nfd2 0-0 16. c4 Qc8 17. f3 Nh5 18. g4 Nf4 19. Bxf4 exf4 20. Na5 Bf6 21. Qc2 Qb8 22. Ndb3 Qb6+ 23. Kg2 Be5 24. Rab1 f6 25. c5 Qb5 26. cxd6 cxd6 27. Rfd1 Rfc8 28. Rd3 Kh7 29. Qd2 Qa4 30. a3 Bf7 31. Nd4 d5 32. Rc1 dxe4 33. fxe4 Rd8 34. b4 Bxd4 35. Rxd4 Qxa3 36. Rc3 Rxd4 37. Qxd4 Qb2+ 38. Kf3 Rd8 39. Qc5 Qh2 40. Qf5+ Bg6 41. Qxf4 Qxh3+ 42. Qg3 Qf1+ 43. Qf2 Bxe4+ 44. Kg3 Rd3+ 45. Rxd3 Qxd3+ 46. Kh2 Qd6+ 47. Qg3 Qd1 48. Qg1 Qe2+ 49. Kh3 h5 50. c7 Qf3+ 51. Kh2 hxg4 0-1

[Event "Samara op"]
[Site "Samara"]
[Date "2010.07.27"]
[Round "5"]
[White "Kalugin, Yury"]
[Black "Sakletin, Vasily"]
[Result "1/2-1/2"]
[WhiteElo "1975"]
[BlackElo "2059"]
[PlyCount "24"]
[EventDate "2010.07.23"]
[EventType "swiss"]
[EventRounds "9"]
[EventCountry "RUS"]
[SourceTitle "EXT 2011"]
[Source "ChessBase"]
[SourceDate "2010.11.26"]
[SourceVersion "1"]
[SourceVersionDate "2010.11.26"]
[SourceQuality "1"]

1. e4 c6 2. Nf3 d5 3. Nc3 Bg4 4. h3 Bxf3 5. Qxf3 Nf6 6. d4 dxe4 7. Nxe4 Qxd4 8. Bd3 Nxe4 9. Bxe4 Nd7 10. 0-0 Qf6 11. Qg3 e6 12. Qc7 Qe5 1/2-1/2

[Event "Samara-ch"]
[Site "Samara"]
[Date "2010.04.28"]
[Round "8"]
[White "Kalugin, Yury"]
[Black "Dorofeev, Gennady"]
[Result "1-0"]
[WhiteElo "1975"]
[BlackElo "1761"]
[PlyCount "51"]
[EventDate "2010.04.21"]
[EventType "swiss"]
[EventRounds "9"]
[EventCountry "RUS"]
[SourceTitle "EXT 2012"]
[Source "ChessBase"]
[SourceDate "2011.11.24"]
[SourceVersion "1"]
[SourceVersionDate "2011.11.24"]
[SourceQuality "1"]

1. d4 Nf6 2. c4 e6 3. Nc3 Bb4 4. Qc2 d5 5. Nf3 Nbd7 6. e3 0-0 7. cxd5 exd5 8. Bd3 c6 9. 0-0 Re8 10. Bd2 h6 11. Rac1 Bd6 12. h3 b6 13. Nxd5 Bb7 14. Nxf6+ Nxf6 15. e4 Bf8 16. Rfe1 c5 17. d5 a6 18. Bc3 b5 19. Bxf6 Qxf6 20. e5 Qd8 21. d6 Bxf3 22. gxf3 Bxd6 23. exd6 Rxe1+ 24. Rxe1 Qxd6 25. Qe2 c4 26. Qe4 1-0

[Event "Samara-ch"]
[Site "Samara"]
[Date "2010.04.26"]
[Round "6"]
[White "Kalugin, Yury"]
[Black "Lebedev, Alexander V"]
[Result "1-0"]
[WhiteElo "1975"]
[BlackElo "1858"]
[PlyCount "25"]
[EventDate "2010.04.21"]
[EventType "swiss"]
[EventRounds "9"]
[EventCountry "RUS"]
[SourceTitle "EXT 2012"]
[Source "ChessBase"]
[SourceDate "2011.11.24"]
[SourceVersion "1"]
[SourceVersionDate "2011.11.24"]
[SourceQuality "1"]

1. e4 d6 2. Nf3 g6 3. Bc4 c6 4. Nc3 Bg7 5. 0-0 e5 6. Re1 Ne7 7. d4 Nd7 8. Bxf7+ Kxf7 9. Ng5+ Kg8 10. Ne6 Qa5 11. Bd2 exd4 12. Nd5 Qxd2 13. Nxe7+ 1-0

[Event "Samara-ch"]
[Site "Samara"]
[Date "2010.04.23"]
[Round "3"]
[White "Kamensky, Vladimir"]
[Black "Kalugin, Yury"]
[Result "1/2-1/2"]
[WhiteElo "1749"]
[BlackElo "1975"]
[PlyCount "47"]
[EventDate "2010.04.21"]
[EventType "swiss"]
[EventRounds "9"]
[EventCountry "RUS"]
[SourceTitle "EXT 2012"]
[Source "ChessBase"]
[SourceDate "2011.11.24"]
[SourceVersion "1"]
[SourceVersionDate "2011.11.24"]
[SourceQuality "1"]

1. d4 Nf6 2. c4 e5 3. dxe5 Ne4 4. Nd2 Bb4 5. a3 Bxd2+ 6. Bxd2 0-0 7. Nf3 Nc6 8. Qc2 d5 9. e3 Be6 10. Bd3 Nxd2 11. Nxd2 Nxe5 12. Bxh7+ Kh8 13. Bf5 dxc4 14. 0-0 Qe7 15. Bxe6 Qxe6 16. Qe4 b5 17. Nf3 Nxf3+ 18. Qxf3 Qe5 19. Qe2 Rad8 20. a4 a6 21. axb5 axb5 22. Ra5 Rd3 23. b3 Rxb3 24. Qxc4 1/2-1/2

[Event "Samara-ch"]
[Site "Samara"]
[Date "2009.04.30"]
[Round "9"]
[White "Razumov, Andrey"]
[Black "Kalugin, Yury"]
[Result "0-1"]
[WhiteElo "2010"]
[BlackElo "2006"]
[PlyCount "70"]
[EventDate "2009.04.07"]
[EventType "swiss"]
[EventRounds "9"]
[EventCountry "RUS"]
[SourceTitle "EXT 2012"]
[Source "ChessBase"]
[SourceDate "2011.11.24"]
[SourceVersion "1"]
[SourceVersionDate "2011.11.24"]
[SourceQuality "1"]

1. Nf3 d5 2. d4 Nf6 3. c4 c6 4. Nc3 e6 5. cxd5 exd5 6. Bg5 Be7 7. e3 h6 8. Bh4 Bf5 9. Bd3 Ne4 10. Bxe7 Qxe7 11. 0-0 Bg4 12. Rc1 Nd7 13. a3 0-0 14. b4 Ndf6 15. Be2 a5 16. Nxe4 dxe4 17. Ne5 Bxe2 18. Qxe2 axb4 19. axb4 Qxb4 20. Rb1 Qe7 21. Rb3 Rfc8 22. Rfb1 b5 23. Qc2 c5 24. Qb2 b4 25. dxc5 Rxc5 26. f4 Nd5 27. Qd4 Rac8 28. h3 Nc3 29. Re1 Qh4 30. Qd2 Rd5 31. Qf2 Qxf2+ 32. Kxf2 Rd2+ 33. Kf1 Na2 34. Ra1 Rcc2 35. g4 Nc1 0-1

[Event "Samara-ch"]
[Site "Samara"]
[Date "2009.04.28"]
[Round "8"]
[White "Kalugin, Yury"]
[Black "Prihodko, Ilja"]
[Result "0-1"]
[WhiteElo "2006"]
[BlackElo "2016"]
[PlyCount "90"]
[EventDate "2009.04.07"]
[EventType "swiss"]
[EventRounds "9"]
[EventCountry "RUS"]
[SourceTitle "EXT 2012"]
[Source "ChessBase"]
[SourceDate "2011.11.24"]
[SourceVersion "1"]
[SourceVersionDate "2011.11.24"]
[SourceQuality "1"]

1. e4 c5 2. Nf3 e6 3. d4 cxd4 4. Nxd4 Nf6 5. Nc3 d6 6. Bg5 a6 7. f4 Be7 8. Qf3 Qb6 9. 0-0-0 Nc6 10. Nxc6 bxc6 11. e5 dxe5 12. fxe5 Nd5 13. Bxe7 Kxe7 14. Nxd5+ cxd5 15. Qa3+ Ke8 16. Bd3 a5 17. Qa4+ Bd7 18. Qf4 Rb8 19. b3 a4 20. Rhf1 Rf8 21. Bxh7 axb3 22. cxb3 Qc5+ 23. Bc2 Ra8 24. a4 Rc8 25. Rf2 f6 26. Kb1 fxe5 27. Bg6+ Ke7 28. Qg5+ Kd6 29. Re2 d4 30. Rde1 Rb8 31. Qxe5+ Qxe5 32. Rxe5 Rxb3+ 33. Ka2 Rc3 34. R5e2 Ra8 35. Bc2 e5 36. Bb3 Bxa4 37. Bxa4 Rxa4+ 38. Kb2 Rb4+ 39. Ka2 Rb5 40. Rb2 Rxb2+ 41. Kxb2 Kd5 42. Rf1 Rc7 43. Rf3 Ke4 44. h4 d3 45. Rf1 d2 0-1

[Event "Samara-ch"]
[Site "Samara"]
[Date "2009.04.17"]
[Round "4"]
[White "Kalugin, Yury"]
[Black "Natacheev, Peter"]
[Result "1/2-1/2"]
[WhiteElo "2006"]
[BlackElo "2191"]
[PlyCount "69"]
[EventDate "2009.04.07"]
[EventType "swiss"]
[EventRounds "9"]
[EventCountry "RUS"]
[SourceTitle "EXT 2012"]
[Source "ChessBase"]
[SourceDate "2011.11.24"]
[SourceVersion "1"]
[SourceVersionDate "2011.11.24"]
[SourceQuality "1"]

1. e4 d5 2. exd5 Qxd5 3. Nc3 Qd6 4. d4 Nf6 5. Nf3 a6 6. Bc4 b5 7. Bd3 Bb7 8. h3 h6 9. 0-0 g5 10. Re1 Nbd7 11. Ne5 b4 12. Ne4 Nxe4 13. Bxe4 Bxe4 14. Rxe4 Nxe5 15. Rxe5 Bg7 16. Qf3 Rd8 17. Re4 Bxd4 18. c3 Be5 19. Be3 bxc3 20. bxc3 0-0 21. Bd4 Bh2+ 22. Kh1 f5 23. Ree1 e5 24. Kxh2 exd4+ 25. Kg1 d3 26. Rad1 Qd5 27. Qh5 Rd6 28. Re3 d2 29. Re2 Qxa2 30. Rexd2 Qe6 31. Rxd6 cxd6 32. Qf3 Rc8 33. Qb7 Rxc3 34. Qxa6 Qe5 35. Qxd6 1/2-1/2

[Event "Samara-ch"]
[Site "Samara"]
[Date "2009.04.14"]
[Round "3"]
[White "Malyshev, Vasily"]
[Black "Kalugin, Yury"]
[Result "0-1"]
[WhiteElo "2014"]
[BlackElo "2006"]
[PlyCount "68"]
[EventDate "2009.04.07"]
[EventType "swiss"]
[EventRounds "9"]
[EventCountry "RUS"]
[SourceTitle "EXT 2012"]
[Source "ChessBase"]
[SourceDate "2011.11.24"]
[SourceVersion "1"]
[SourceVersionDate "2011.11.24"]
[SourceQuality "1"]

1. e4 e5 2. Nf3 Nc6 3. Bb5 f5 4. Nc3 fxe4 5. Nxe4 d5 6. Nxe5 dxe4 7. Nxc6 Qd5 8. c4 Qd6 9. Nxa7+ Bd7 10. Bxd7+ Qxd7 11. Qh5+ g6 12. Qe5+ Kf7 13. Nb5 c6 14. Nc3 Nf6 15. 0-0 Bd6 16. Qg5 h6 17. Qh4 Rae8 18. Qh3 Qc7 19. b3 Re5 20. g3 Rh5 21. Qg2 Re8 22. Bb2 Be5 23. Rae1 Qd7 24. Bc1 Bxc3 25. dxc3 Qf5 26. Bd2 Ng4 27. f3 Qc5+ 28. Kh1 Rxh2+ 29. Qxh2 Nxh2 30. Kxh2 e3 31. Bc1 e2 32. Rg1 Qf2+ 33. Kh3 Qxf3 34. Rh1 Re5 0-1

[Event "Uljanovsk Privolje op"]
[Site "Uljanovsk"]
[Date "2009.02.04"]
[Round "7"]
[White "Kalugin, Yury"]
[Black "Kashicin, Alexander"]
[Result "1-0"]
[WhiteElo "1984"]
[BlackElo "1932"]
[PlyCount "65"]
[EventDate "2009.01.31"]
[EventType "swiss"]
[EventRounds "9"]
[EventCountry "RUS"]
[SourceTitle "EXT 2022"]
[Source "ChessBase"]
[SourceDate "2021.10.06"]
[SourceVersion "1"]
[SourceVersionDate "2021.10.06"]
[SourceQuality "1"]

1. e4 c6 2. Nf3 d5 3. Nc3 dxe4 4. Nxe4 Bf5 5. Ng3 Bg6 6. h4 h6 7. Ne5 Qd6 8. d4 Nd7 9. Nxg6 Qxg6 10. Bd3 Qd6 11. c3 e6 12. Qf3 Qc7 13. Ne4 e5 14. dxe5 Nxe5 15. Qg3 Nxd3+ 16. Qxd3 Be7 17. Bd2 Nf6 18. 0-0-0 0-0 19. Nxf6+ Bxf6 20. g4 Qa5 21. g5 Rad8 22. Qc2 Be5 23. gxh6 Qxa2 24. Qf5 Qa1+ 25. Kc2 Qa4+ 26. Kb1 Bxc3 27. Bxc3 Rxd1+ 28. Rxd1 Qxd1+ 29. Ka2 Rd8 30. Qf4 Qd5+ 31. b3 Qd6 32. Qg5 Qf8 33. hxg7 1-0

[Event "Uljanovsk Privolje op"]
[Site "Uljanovsk"]
[Date "2009.02.03"]
[Round "6"]
[White "Alexeev, Alexandr Mikh"]
[Black "Kalugin, Yury"]
[Result "1-0"]
[WhiteElo "2119"]
[BlackElo "1984"]
[PlyCount "59"]
[EventDate "2009.01.31"]
[EventType "swiss"]
[EventRounds "9"]
[EventCountry "RUS"]
[SourceTitle "EXT 2022"]
[Source "ChessBase"]
[SourceDate "2021.10.06"]
[SourceVersion "1"]
[SourceVersionDate "2021.10.06"]
[SourceQuality "1"]

1. f4 e5 2. d3 Nc6 3. Nf3 d6 4. e4 Bg4 5. Be2 Bxf3 6. Bxf3 Nd4 7. Nc3 Qh4+ 8. g3 Qh3 9. Kf2 Nxf3 10. Qxf3 Nf6 11. Qg2 Qxg2+ 12. Kxg2 0-0-0 13. Rf1 h6 14. Be3 d5 15. fxe5 Ng4 16. Bf4 g5 17. Bd2 d4 18. Nd5 c6 19. Nf6 Nxe5 20. Rf5 Bd6 21. h3 Nd7 22. Raf1 Ne5 23. Ng4 Nxg4 24. hxg4 Rd7 25. Rxf7 Rxf7 26. Rxf7 Rf8 27. Rf5 Kd7 28. c3 c5 29. Rd5 Rc8 30. e5 1-0

[Event "Dimitrovgrad op"]
[Site "Dimitrovgrad"]
[Date "2008.08.06"]
[Round "2"]
[White "Kalugin, Yury"]
[Black "Rudnev, Yuri"]
[Result "1-0"]
[WhiteElo "1960"]
[BlackElo "2186"]
[PlyCount "48"]
[EventDate "2008.08.05"]
[EventType "swiss"]
[EventRounds "9"]
[EventCountry "RUS"]
[SourceTitle "EXT 2022"]
[Source "ChessBase"]
[SourceDate "2021.10.06"]
[SourceVersion "1"]
[SourceVersionDate "2021.10.06"]
[SourceQuality "1"]

1. e4 c5 2. b4 cxb4 3. Bb2 Nc6 4. d4 d5 5. exd5 Qxd5 6. c4 bxc3 7. Nxc3 Qa5 8. d5 Nb8 9. Bc4 Nf6 10. Nf3 g6 11. 0-0 Bg7 12. d6 0-0 13. dxe7 Re8 14. Re1 Qb4 15. Nd5 Nxd5 16. Bxd5 Rxe7 17. Bxf7+ Kxf7 18. Ng5+ Ke8 19. Bxg7 Bf5 20. Bf6 Rxe1+ 21. Qxe1+ Qxe1+ 22. Rxe1+ Kf8 23. Nxh7+ Kg8 24. Re8+ Kxh7 1-0

[Event "Zhigulevskie prostory op"]
[Site "Samara"]
[Date "2008.07.27"]
[Round "3"]
[White "Koltunovsky, Evgeny"]
[Black "Kalugin, Yury"]
[Result "0-1"]
[WhiteElo "1767"]
[BlackElo "1960"]
[PlyCount "64"]
[EventDate "2008.07.25"]
[EventType "swiss"]
[EventRounds "9"]
[EventCountry "RUS"]
[SourceTitle "EXT 2022"]
[Source "ChessBase"]
[SourceDate "2021.10.06"]
[SourceVersion "1"]
[SourceVersionDate "2021.10.06"]
[SourceQuality "1"]

1. e4 e5 2. Nf3 Nc6 3. Nc3 Nf6 4. g3 d5 5. exd5 Nxd5 6. d3 Bg4 7. Bg2 Nd4 8. h3 Bxf3 9. Bxf3 Nb4 10. 0-0 Nbxc2 11. Rb1 c6 12. Be3 Nxf3+ 13. Qxf3 Be7 14. Qe4 Qd6 15. f4 Qg6 16. Rf3 Qxe4 17. Nxe4 f5 18. Nf2 exf4 19. Bxf4 0-0 20. Rc1 Nd4 21. Re3 Bf6 22. Kg2 Rfe8 23. Rce1 Kf7 24. Rxe8 Rxe8 25. Rxe8 Kxe8 26. b3 Ne2 27. Kf3 Nxf4 28. Kxf4 Bd4 29. Nd1 g6 30. Kg5 Kf7 31. Kh6 Kf6 32. h4 Be5 0-1